| 000 | 00339 a2200133 4500 | ||
|---|---|---|---|
| 001 | 88099 | ||
| 082 | _aPR 338 | ||
| 090 |
_c41510 _d41510 |
||
| 100 | _aHammad Raza, 005903 | ||
| 245 | _aFinite Element Analysis of a flat plate | ||
| 260 |
_aRisalpur _bNUST Risalpur _c2004 |
||
| 300 |
_avi, 63p. _eAkmal Shah |
||
| 500 | _aBE Project Reports | ||
| 942 |
_aCAE NUST _kPR 338 |
||
| 999 |
_c323172 _d323172 |
||